| 000 | 00789nam a2200217 i 4500 | ||
|---|---|---|---|
| 003 | IT-RoINE | ||
| 005 | 20220912151931.0 | ||
| 008 | 200123s2019 sp a |r|||| 000 |bspa d | ||
| 020 | _a8492094168 | ||
| 040 |
_aSpMaBN _bspa _cSpMaBN IT-RoINE _erda _dIT-RoINE |
||
| 100 | 1 |
_aHernández Rodríguez, María Victoria _943996 |
|
| 245 | 1 | 0 |
_aEstampa de un pastor : _bDon Ángel Riesco Carbajo / _cMª Victoria Hernández Rodríguez. |
| 260 |
_aLa Bañeza (León-España) : _bMisioneras apóstolicas de la Caridad, _c2019 |
||
| 300 |
_a87 p. : _bil. ; _c22 cm. |
||
| 336 |
_aTexto _2rdacontent |
||
| 337 |
_2rdamedia _aunmediated |
||
| 338 |
_2rdacarrier _avolume |
||
| 600 | 1 | 0 |
_aRiesco Carbajo, Ángel, _cBeato, _d1902-1972 _xBiografía _930995 |
| 655 | 7 |
_aBiografías _2tgfbne _970860 |
|
| 942 | _cMTS | ||
| 999 |
_c36559 _d36559 |
||